Analýza artefaktů

Titel: Analýza artefaktů / Ivan Pavlů
Verfasser:
Veröffentlicht: Hradec Králové : Univerzita, 2011
Umfang: 96 Seiten : Illustrationen, Diagramme
Format: Buch
Sprache: Tschechisch
Schriftenreihe/
mehrbändiges Werk:
Archeologické Studie Univerzity Hradec Králové ; 2
Schlagworte:
ISBN: 9788074351358
Buchumschlag
X
alg: 43622911
001A    $04006:07-09-18 
001B    $01999:08-08-19 $t11:31:42.000 
001C    $04006:07-09-18 $t08:44:32.000 
001D    $01999:07-09-18 
001U    $0utf8 
001X    $00 
002@    $0Aay 
002C    $aText $btxt $2rdacontent 
002D    $aohne Hilfsmittel zu benutzen $bn $2rdamedia 
002E    $aBand $bnc $2rdacarrier 
003@    $0436229110 
003O    $01099718297 $aOCoLC 
004A    $A978-80-7435-135-8 
007A    $0436229110 $aHEB 
007G    $0DE02027152D3FE6ED4FFBC125844F00391589 
009P    $qapplication/pdf $A2 $3Inhaltsverzeichnis $uhttp://scans.hebis.de/HEBCGI/show.pl?43622911_toc.pdf $mV:DE-603;B:DE-Mb50 
010@    $acze 
010E    $erda 
011@    $a2011 $n2011 
021A    $aAnalýza artefaktů $hIvan Pavlů 
028A    $BVerfasser $RPavlů, Irena $#Pavlů, I. $#Pavlu, Ivan $4aut $7172704669 $8Pavlů, Ivan$Z1938- [Tp3] $9296891258 
033A    $pHradec Králové $nUniverzita 
034D    $a96 Seiten 
034M    $aIllustrationen, Diagramme 
036E    $aArcheologické Studie Univerzity Hradec Králové $l2 
044K    $RVor- und Frühgeschichte $RBodendenkmalpflege $#Archaeology $#Archéologie $74002827-6 $8Archäologie [Ts1] $9084999233 
044K    $RAusgrabung $RBodendenkmal $#Bodenfund $#Bodenfunde $#Archäologische Funde $74071507-3 $8Funde [Tsz] $9085201480 
044K    $#Analyse $#Analytik $#Analysen $74122795-5 $8Analyse [Ts1] $9085403059 
044K    $#Artifacts $#Steinartefakt $74143114-5 $8Artefakt [Ts1] $908556026X 
045F    $a930.10943710905 $eDDC23BSB 
045F/01 $a930.1 
045F/03 $f0905 
045F/03 $g4371 

lok: 43622911 24

exp: 43622911 24 1 #EPN
201B/01 $001-08-19 $t12:54:22.000 
201C/01 $003-05-19 
201U/01 $0utf8 
203@/01 $01050646444 
208@/01 $a01-08-19 $bz 
209A/01 $a19.02528 $du $f050 $h19 02528 $x00 
209C/01 $a19.02528 T $h19 02528 T 
209G/01 $a74215815 $x00 
220C/01 $akon 
247C/01 $8358050-7 Marburg, Bibliothek des Herder-Instituts Marburg $9102600961 

lok: 43622911 36

exp: 43622911 36 1 #EPN
201B/01 $029-10-18 $t13:57:25.000 
201C/01 $007-09-18 
201U/01 $0utf8 
203@/01 $01028166001 
208@/01 $a07-09-18 $bz 
209A/01 $aA 39/343 $dd $f001 $x00 
209C/01 $a2018.1719 T 
247C/01 $8658001-4 Mainz, LEIZA - Leibniz-Zentrum für Archäologie, Bibliothek $9102601143
LEADER 00000cam a22000002c 4500
001 436229110
003 DE-603
005 20190808113142.0
007 tu
008 180907s2011 xx |||| | u00||u|cze c
020 |a 9788074351358 
035 |a (DE-599)HEB436229110 
035 |a (OCoLC)1099718297 
040 |a DE-603  |b ger  |c DE-603  |d DE-603  |e rda 
041 |a cze 
082 0 4 |8 1\u  |a 930.10943710905  |q DE-101  |2 23/BSB 
085 |8 1\u  |b 930.1 
085 |8 1\u  |z 1  |s 0905 
085 |8 1\u  |z 2  |s 4371 
100 1 |a Pavlů, Ivan  |d 1938-  |e Verfasser  |4 aut  |0 (DE-603)296891258  |0 (DE-588)172704669  |2 gnd 
245 0 0 |a Analýza artefaktů  |c Ivan Pavlů 
264 1 |a Hradec Králové  |b Univerzita  |c 2011 
300 |a 96 Seiten  |b Illustrationen, Diagramme 
336 |a Text  |b txt  |2 rdacontent 
337 |a ohne Hilfsmittel zu benutzen  |b n  |2 rdamedia 
338 |a Band  |b nc  |2 rdacarrier 
490 0 |a Archeologické Studie Univerzity Hradec Králové  |v 2 
650 7 |a Archäologie  |0 (DE-588)4002827-6  |0 (DE-603)084999233  |2 gnd 
650 7 |a Funde  |0 (DE-588)4071507-3  |0 (DE-603)085201480  |2 gnd 
650 7 |a Analyse  |0 (DE-588)4122795-5  |0 (DE-603)085403059  |2 gnd 
650 7 |a Artefakt  |0 (DE-588)4143114-5  |0 (DE-603)08556026X  |2 gnd 
856 4 2 |m V:DE-603;B:DE-Mb50  |q application/pdf  |u http://scans.hebis.de/HEBCGI/show.pl?43622911_toc.pdf  |3 Inhaltsverzeichnis 
924 0 |9 Mb 50  |a (DE-603)1050646444  |b DE-Mb50  |c HES  |d c  |g 19.02528 
924 0 |9 Mz 1  |a (DE-603)1028166001  |b DE-Mz1  |c HES  |d d  |g A 39/343